Pt. deen dayal upadhyay / (Record no. 139837)

MARC details
000 -LEADER
fixed length control field 00558nam a22001697a 4500
005 - DATE AND TIME OF LATEST TRANSACTION
control field 20170515111546.0
010 ## - LCCN (DPL NO)
LC control number ENG-118137
020 ## - INTERNATIONAL STANDARD BOOK NUMBER
International Standard Book Number 9789385494086
Terms of availability 995.00
035 ## - SYSTEM CONTROL NUMBER
System control number EN-101669
037 ## - SOURCE OF ACQUISITION
Source of stock number/acquisition DBAD/PUB
082 ## - DEWEY DECIMAL CLASSIFICATION NUMBER
Classification number 954.035092
245 ## - TITLE STATEMENT
Title Pt. deen dayal upadhyay /
Statement of responsibility, etc Edited by Kunwar Ishwar Singh Rathore
260 ## - PUBLICATION, DISTRIBUTION, ETC. (IMPRINT)
Place of publication, distribution, etc New Delhi
Name of publisher, distributor, etc Falguni Publishers & Distributors
Date of publication, distribution, etc 2016
270 ## - ADDRESS
Address 204, IInd Floor, Durga Complex, CSC, Mayur Vihar-II, New Delhi-110092
300 ## - PHYSICAL DESCRIPTION
Extent 158p
Dimensions 23cm.(Hb)
942 ## - ADDED ENTRY ELEMENTS (KOHA)
Source of classification or shelving scheme Dewey Decimal Classification
Item type English Books
Classification part 954.035092
Call number suffix PTD
Holdings
Withdrawn status Lost status Not for loan Collection code Home library Current library Date acquired Source of acquisition Cost, normal purchase price Full call number Barcode Copy number Cost, replacement price Koha item type
    Not For Loan Non-fiction D.B.Act.Division Bawana 15/05/2017 DBAD/PUB 995.00 954.035092 PTD EN-101669 1 995.00 English Books

© Delhi Public Library
Hit Counter
free hit counter